000 01316nam a22003497a 4500
003 CHAP
005 20220817044311.0
008 091112s2009 mx r 00010 spa d
010 _a97062
011 _a98034
035 _a108709
040 _cCHAP
090 _aTesis
100 1 _aSánchez Velásquez, Eber Josué.
_9107904
245 1 0 _aAnálisis fitosanitario de las bacterias de importancia cuarentenaria en México
_c/por Eber Josué Sánchez Velázquez
260 _aChapingo, Méx. :
_bEl autor,
_c2009
300 _axiii, 118 h. :
_bilus.
502 _aTesis (Ing. Agr. Esp. en Parasitología Agrícola) -- UACH. Departamento de Parasitología Agrícola
590 _aALEPH
_b10
_c20130110
_lUCH01
_h1531
590 _aBATCH-UPD
_b10
_c20130110
_lUCH01
_h0930
590 _aBATCH-UPD
_b10
_c20130410
_lUCH01
_h0549
590 _aBATCH-UPD
_b10
_c20130914
_lUCH01
_h0519
590 _aCONVERSION
_b10
_c20130109
_lUCH01
_h1354
650 1 4 _aBacterias fitopatógenas.
_99326
650 1 4 _aEpidemiología.
650 1 4 _aPlantas
_xCuarentena.
_988811
650 1 4 _aPlantas
_xEnfermedades por bacterias.
_988829
901 _aBK
942 _cFOLL
949 _aTesis
_bBC
_cTES
_d33724002101545
_eTS1
_gDonaciØn
_h49708
_i108709
_sb
949 _aTesis
_bBC
_cTES
_d33724002101587
_eTS2
_fc.2
_gDonaciØn
_h49709
_i108709
_sb
999 _c97062
_d97062